Topological Map of the English Counties - Statistics

General Stats
  • This quiz has been taken 63 times
  • The average score is 25 of 47
Answers on the Map
Answers color-coded by a green-red scale on the quiz's map according to % correct below.
 
Answer Stats
Answer % Correct
Cornwall
83%
Isle of Wight
80%
Devon
76%
Dorset
72%
Somerset
70%
Cumbria
67%
City of Bristol
65%
Essex
65%
Kent
65%
Northumberland
61%
Lancashire
59%
Norfolk
59%
Suffolk
59%
East Riding of Yorkshire
57%
Greater Manchester
57%
Wiltshire
57%
Gloucestershire
54%
Hampshire
54%
Merseyside
54%
Cheshire
52%
Greater London
52%
Lincolnshire
52%
North Yorkshire
52%
Rutland
52%
Cambridgeshire
50%
East Sussex
50%
Surrey
50%
West Sussex
50%
Durham
48%
West Yorkshire
48%
Herefordshire
46%
Shropshire
46%
Warwickshire
46%
Leicestershire
43%
Oxfordshire
43%
Staffordshire
43%
Tyne and Wear
43%
West Midlands
43%
Northamptonshire
41%
Nottinghamshire
41%
Berkshire
39%
South Yorkshire
39%
Worcestershire
37%
Bedfordshire
35%
Derbyshire
35%
Hertfordshire
35%
Buckinghamshire
33%
No matching quizzes found
Score Distribution
Percent of People with Each Score
Percentile by Number Answered
Your Score History
You have not taken this quiz